| 000 | 01305cam a2200397 i 4500 | ||
|---|---|---|---|
| 003 | EG-GICUC | ||
| 005 | 20260303084635.0 | ||
| 008 | 940531s1993 enk frb 001 0 eng d | ||
| 020 | _a0420482806 | ||
| 020 | _a9780420482808 | ||
| 040 |
_aDLC _cDLC _dDLC _dEG-GICUC _beng _erda |
||
| 043 | _ae-uk--- | ||
| 050 | 0 | 0 |
_aKD680 _b.D5 1993 |
| 082 | 0 | 0 |
_a341.84 _221 |
| 092 | 0 | 4 | _221 |
| 099 | _aLaw 12 1993 | ||
| 245 | 0 | 0 |
_aDicey and Morris on the conflict of laws. _nVolume 1 |
| 246 | 3 | 0 | _aConflict of laws |
| 246 | 1 | 4 | _aDicey & Morris, the conflict of laws |
| 250 |
_a12th ed. / _bunder the general editorship of Lawrence Collins with specialist editors. |
||
| 264 |
_aLondon : _bSweet & Maxwell, _c1993. |
||
| 300 |
_a2 volume ; _c26 cm. |
||
| 336 |
_atext _2rdacontent |
||
| 337 |
_aComputer _2rdamedia |
||
| 338 |
_aOnline Resource _2rdacarrier |
||
| 500 | _aVolume 1 ( cc, 635, xlvi pages ) | ||
| 500 | _aIncludes index. | ||
| 500 | _aKept up to date by supplements. | ||
| 650 | 0 |
_aConflict of laws _zGreat Britain. |
|
| 700 | 1 |
_aDicey, A. V. _q(Albert Venn), _d1835-1922. |
|
| 700 | 1 | _aMorris, John Humphrey Carlile. | |
| 700 | 1 |
_aCollins, Lawrence _q(Lawrence Antony) |
|
| 856 | 4 | 0 | _uhttps://fll.law.cu.edu.eg/fulltext/bks/ENGB12-00056.pdf |
| 905 | _a10 | ||
| 942 |
_2ddc _cBK _e21 _n0 |
||
| 999 |
_c64703 _d64703 |
||